• 首页
  • 本馆介绍
  • 公告通知
  • 最新文献
  • 馆藏检索
  • 电子资源
  • 读者导购
  • 参考咨询
  • 我的图书馆
  • 登录
  • 详细信息显示
  • 放入我的书架
  • 预约/预借图书
  • 作者相关作品
  • 分类相关作品
  • 丛书相关作品
  • 出版社相关作品

书目信息

  • 表格格式
  • 工作单格式
  • 卡片格式
题名:
计算机应用系统
    
 
作者: 朱鹏举 , 李聚昌 编著
分册:  
出版信息: 北京   科学出版社  1985
页数: 224页
开本: 19cm
丛书名: 计算机基础知识丛书
单 册:
中图分类: TP399
科图分类:
主题词: 计算机应用
电子资源:
ISBN:
000 00750nam2 2200277 45
001 0185019577
005 20040519111533.8
010    @dCNY1.40
091    @a15031.670
100    @a19900928d1985 em y0chiy0121 ea
101 0  @achi
102    @aCN@b110000
105    @ay z 000yy
106    @ar
200 10 @a计算机应用系统@Aji suan ji ying yong xi tong@f朱鹏举,李聚昌编著
210    @a北京@c科学出版社@d1985
215    @a224页@d19cm
225 2  @a计算机基础知识丛书
410  0 @120010@a计算机基础知识丛书
606 0  @a计算机应用
690    @aTP399
701  0 @a朱鹏举@Azhu peng ju@4编著
701  0 @a李聚昌@Ali ju chang@4编著
801  0 @aCN@b深圳图书馆@c20040519
801  2 @aCN@bNLC@c20040519
905    @f9@b154764-772@dTP399@e104
    
    计算机应用系统/朱鹏举,李聚昌编著.-北京:科学出版社,1985
    224页;19cm.-(计算机基础知识丛书)
    
    
    ISBN :CNY1.40
    
●
相关链接 在E读中查询图书 在五车中查询图书 在当当中查询图书 在豆瓣中查询图书


正题名:计算机应用系统     索取号:TP399/104         预约/预借

序号 登录号 条形码 馆藏地/架位号 状态 备注
1 0154764   001645232   密集书库/ [索取号:TP399/104] 在馆    
2 0154765   001645063   第三借阅区/ [索取号:TP399/104] 在馆    
3 0154766   001645223   密集书库/ [索取号:TP399/104] 在馆    
4 0154767   001645278   密集书库/ [索取号:TP399/104] 在馆    
5 0154768   001645134   密集书库/ [索取号:TP399/104] 在馆    
6 0154769   001645269   密集书库/ [索取号:TP399/104] 在馆    
7 0154770   001645027   密集书库/ [索取号:TP399/104] 在馆    
8 0154771   001645303   密集书库/ [索取号:TP399/104] 在馆    
9 0154772   001645107   密集书库/ [索取号:TP399/104] 在馆    
10 0154773   001645296   第二样本阅览室/ [索取号:TP399/104] 在馆    
唐山师范学院图书馆 欢迎您!
大连网信软件有限公司© 版权所有